000 00539nam a2200181Ia 4500
001 3179
005 20260306144901.0
008 260306t2009||||xx |||||||||||||| ||spa||
041 _aESP
082 _a261.8
_bL46
100 _aLeón Fernández, Dino
_eAUT
245 0 _aEvangelización y control social a la doctrina de Nuestra Señora de La Limpia, Purísima e Inmaculada concepción de Canta. Siglos XVI y XVII
260 _c2009
300 _a304 páginas :
_c24 cm.
650 _aGEN
654 _aCHU
942 _cLIB
_dJUS
_fJUS
_2ddc
_n
999 _c3179
_d3179